El Desdichado - Gérard de Nerval - Statistiques

Statistiques générales
  • Ce quiz a été pris 10 fois
  • Le résultat moyen est 92 sur 124
Statistiques - réponses
Réponse % Correct
Je
100%
je
100%
l'
100%
le
100%
Le
100%
suis
100%
Suis
100%
à
88%
d'
88%
de
88%
est
88%
et
88%
Et
88%
Inconsolé,
88%
la
88%
La
88%
Ma
88%
mon
88%
Mon
88%
noir
88%
qui
88%
Soleil
88%
Ténébreux,
88%
Veuf,
88%
abolie :
75%
constellé
75%
Dans
75%
dans
75%
du
75%
étoile
75%
J'ai
75%
j'ai
75%
Les
75%
les
75%
luth
75%
Mélancolie.
75%
mer
75%
morte,
75%
nuit
75%
75%
ou
75%
prince
75%
seule
75%
sur
75%
tour
75%
Amour
63%
Aquitaine
63%
Biron ?
63%
coeur
63%
cris
63%
deux
63%
fée.
63%
fois
63%
Italie,
63%
Lusignan
63%
lyre
63%
Modulant
63%
moi
63%
Orphée
63%
pampre
63%
Pausilippe
63%
Phébus ?
63%
Porte
63%
Rends
63%
rose
63%
sainte
63%
soupirs
63%
toi
63%
traversé
63%
treille
63%
vainqueur
63%
Achéron :
50%
baiser
50%
front
50%
grotte
50%
nage
50%
reine ;
50%
s'allie.
50%
tombeau,
50%
consolé,
38%
désolé,
38%
encor
38%
fleur
38%
m'as
38%
plaisait
38%
rouge
38%
syrène
38%
tant
38%
rêvé
25%
Aucun quiz correspondant
Distribution des résultats
% des personnes avec chaque résultat
Percentile par nombre de réponses
Votre historique - résultats
Vous n’avez pas pris ce quiz